Sanskrit Sahitya Ke Pramukh Rachnakar Evam Unki Kritiyan (Record no. 395843)

MARC details
000 -LEADER
fixed length control field 00377 a2200133 4500
000 - LEADER
fixed length control field nam a22 7a 4500
100 ## - MAIN ENTRY--PERSONAL NAME
Personal name Singh, Dhanjay Kumar
110 ## - MAIN ENTRY--CORPORATE NAME
Corporate name or jurisdiction name as entry element Singh, Dhanjay Kumar
245 ## - TITLE STATEMENT
Title Sanskrit Sahitya Ke Pramukh Rachnakar Evam Unki Kritiyan
250 ## - EDITION STATEMENT
Edition statement Latest edition
260 ## - PUBLICATION, DISTRIBUTION, ETC.
Name of publisher, distributor, etc. Paradise Publishers
Date of publication, distribution, etc. 2026
264 ## - PRODUCTION, PUBLICATION, DISTRIBUTION, MANUFACTURE, AND COPYRIGHT NOTICE
Name of producer, publisher, distributor, manufacturer Paradise Publishers
Date of production, publication, distribution, manufacture, or copyright notice 2026
942 ## - ADDED ENTRY ELEMENTS (KOHA)
Koha item type Books
Holdings
Date last seen Total checkouts Barcode Cost, replacement price Price effective from Koha item type Lost status Source of classification or shelving scheme Damaged status Not for loan Withdrawn status Home library Current library Date acquired Source of acquisition Cost, normal purchase price
28/01/2026   444999 2495.00 28/01/2026 Books   Dewey Decimal Classification       VIVEKANANDA LIBRARY VIVEKANANDA LIBRARY 28/01/2026 998 1871.25
© Designed and Maintained by Vivekananda Library, MDU Rohtak